|
|
|
|
| LEADER |
00000nab a2200000 ar4500 |
| 001 |
vtls008302458 |
| 003 |
SK-MaSNL |
| 005 |
20260303232944.0 |
| 008 |
051012c20051005xo dr|n|||||||000 b|slo |
| 015 |
|
|
|a SNBRB2005/10
|2 snkbucl
|
| 040 |
|
|
|a SNKBUCL
|b slo
|c SNKBUCL
|e AACR2
|
| 041 |
0 |
|
|a slo
|
| 044 |
|
|
|a xo
|c SK
|
| 080 |
|
|
|a 346.546.6
|x (437.6)
|2 UDC-MRF-SK2
|
| 080 |
|
|
|a 334.75
|x (437.6)
|2 UDC-MRF-SK2
|
| 080 |
|
|
|a 339.13.012.434
|x (437.6)
|2 UDC-MRF-SK2
|
| 100 |
1 |
|
|a Šikuda, Slavomír
|4 aut
|9 858129
|
| 245 |
1 |
0 |
|a Štát chce rozbiť monopoly
|c Slavomír Šikuda
|
| 610 |
1 |
7 |
|a Slovensko.
|b Protimonopolný úrad
|2 snkbucl
|9 32109
|
| 650 |
0 |
7 |
|a monopoly
|x rozčlenenie
|x zákony
|2 snkbucl
|9 1269415
|
| 650 |
0 |
7 |
|a trhové prostredie
|2 snkbucl
|9 1269416
|
| 773 |
0 |
|
|t 24 hodín
|g Roč. I, č. 29 (5.10.2005), s. 6
|x 1336-7625
|
| 852 |
|
|
|a SNK
|b KIS3GCP
|
| 999 |
|
|
|c 2274828
|d 2276758
|